Manual de psicologia do desenvolvimento e aprendizagem (Registo nº 35076)

Detalhes MARC
000 -Etiqueta do registo
Valores 00624nam a2200241 4500
010 ## - Número ISBN
ISBN 9789720345714
021 ## - Número do Depósito Legal
Código do país Portugal
100 ## - Dados gerais de processamento
Dados gerais 20221004 frey50
101 0# - Língua de publicação
Língua Português
102 ## - País de publicação
País Portugal
200 1# - Titulo e menção de responsabilidade
Título próprio Manual de psicologia do desenvolvimento e aprendizagem
Primeira menção de responsabilidade José Tavares... [et al.]
205 ## - Menção da edição
Edição 1.ª ed.,
210 #9 - Publicação
Local de publicação Porto
Nome do editor Porto Editora,
Data de publicação 2011
215 ## - Descrição física 
Paginação / Volumes 208 p.
Outras indicações físicas il.
Dimensões 25 cm
225 2# - Colecção 
Título próprio da colecção Nova cidine
Indicação de volume 1
675 ## - CDU
Notação 159.92(075.8)
Edição BN
Língua por
675 ## - CDU
Notação 37.02(075.8)
Edição BN
Língua por
700 #1 - Autor principal
ID Autoridade 3
Apelido Tavares,
Nome José
801 #0 - Fonte de origem
País PT
Agência BN
Regras de catalogação RPC
090 ## - Tipo de documento
Koha biblioitem number (autogenerated) 35076
990 ## - Elementos KOHA
Tipo de documento Livro
994 ## - Estado da catalogação
Situação Completo
Exemplares
Situação do levantamento Situação do extravio Biblioteca de origem Biblioteca de empréstimo Código de barras Cota Permissão de empréstimo Tipo de documento Forma de aquisição
  Completo Biblioteca da Escola Básica e Secundária Dr Isidoro de Sousa Biblioteca da Escola Básica e Secundária Dr Isidoro de Sousa 7017 159 TAV Disponível Livro  




Powered by Koha